Sports Quiz

Random Sports or WWE Quiz

Daniel Bryan WWE PPV Opponents Quiz Stats

Quiz not verified by Sporcle

Challenge
Share
Tweet
Embed
Score 0/98 Timer 10:00
0 Plays Today
PPV Opponent % Correct
WWE Royal Rumble 2013 (Winner)John Cena
95.5%
WWE SummerSlam 2013John Cena
95.5%
WWE WrestleMania XXX 2014Triple H
95.1%
WWE Elimination Chamber 2014John Cena
94.9%
WWE Elimination Chamber 2014Randy Orton
94.8%
WWE WrestleMania XXX 2014Randy Orton
94.8%
WWE Extreme Rules 2014Kane
94.1%
WWE Elimination Chamber 2013Randy Orton
94%
WWE Money In The Bank 2013 (Winner)Randy Orton
94%
WWE SummerSlam 2013Randy Orton
94%
WWE Night Of Champions 2013Randy Orton
94%
WWE Battleground 2013Randy Orton
94%
WWE Hell In A Cell 2013Randy Orton
94%
WWE Money in the Bank 2011Kane
93.9%
WWE No Way Out 2012Kane
93.9%
WWE SummerSlam 2012Kane
93.7%
WWE Elimination Chamber 2013Kane
93.1%
WWE Royal Rumble 2015 (Winner)Roman Reigns
92.4%
WWE Fastlane 2015Roman Reigns
92.4%
WWE WrestleMania XXVII 2011 (Dark)Sheamus
92.1%
WWE Money in the Bank 2011Sheamus
92.1%
WWE WrestleMania XXVIII 2012Sheamus
92.1%
WWE Extreme Rules 2012Sheamus
92.1%
WWE SummerSlam 2010Wade Barrett
91.9%
WWE Money in the Bank 2011Wade Barrett
91.9%
WWE SummerSlam 2011Wade Barrett
91.9%
WWE Vengeance 2011 (Dark)Wade Barrett
91.9%
WWE Elimination Chamber 2012Wade Barrett
91.9%
WWE WrestleMania 31 2015Wade Barrett
91.8%
WWE WrestleMania 31 2015Dean Ambrose
91.5%
WWE Survivor Series 2012Wade Barrett
91.2%
WWE WrestleMania XXX 2014Batista
91.1%
WWE Over the Limit 2012CM Punk
90.8%
PPV Opponent % Correct
WWE No Way Out 2012CM Punk
90.8%
WWE Elimination Chamber 2014Sheamus
90.8%
WWE Money in the Bank 2012CM Punk
90.3%
WWE Night of Champions 2010The Miz
88.9%
WWE Hell in a Cell 2010The Miz
88.9%
WWE TLC: Tables, Ladders & Chairs 2011The Big Show
88.3%
WWE Royal Rumble 2012The Big Show
88.3%
WWE Elimination Chamber 2012The Big Show
88.3%
WWE Extreme Rules 2013Roman Reigns
87.8%
WWE Payback 2013Roman Reigns
87.8%
WWE Extreme Rules 2013Seth Rollins
87.6%
WWE Payback 2013Seth Rollins
87.6%
WWE SummerSlam 2010Heath Slater
87.2%
WWE Money in the Bank 2011Heath Slater
87.2%
WWE Night of Champions 2011 (Dark)Heath Slater
87.2%
WWE Royal Rumble 2014Bray Wyatt
87.1%
WWE TLC: Tables, Ladders & Chairs 2012Roman Reigns
87.1%
WWE WrestleMania 31 2015Dolph Ziggler
86.9%
WWE TLC: Tables, Ladders & Chairs 2012Seth Rollins
86.8%
WWE TLC: Tables, Ladders & Chairs 2012Dean Ambrose
86.4%
WWE Survivor Series 2012Dolph Ziggler
85.8%
WWE WrestleMania 31 2015Luke Harper
85.8%
WWE Bragging Rights 2010Dolph Ziggler
85.5%
WWE WrestleMania 29 2013Dolph Ziggler
85.4%
WWE SummerSlam 2010David Otunga
84.5%
WWE SummerSlam 2010Justin Gabriel
84.3%
WWE Money in the Bank 2011Justin Gabriel
84.3%
WWE Survivor Series 2012David Otunga
83.4%
WWE TLC - Tables, Ladders & Chairs 2013Bray Wyatt
83.2%
WWE Royal Rumble 2011 (Winner)Alberto Del Rio
81.6%
WWE Royal Rumble 2012Mark Henry
81.4%
WWE Survivor Series 2013Luke Harper
80.6%
WWE TLC - Tables, Ladders & Chairs 2013Luke Harper
80.6%
PPV Opponent % Correct
WWE Survivor Series 2012Alberto Del Rio
80.6%
WWE SummerSlam 2010Darren Young
80.2%
WWE Survivor Series 2013Erick Rowan
78.6%
WWE TLC - Tables, Ladders & Chairs 2013Erick Rowan
78.6%
WWE SummerSlam 2010Skip Sheffield
78.3%
WWE Money in the Bank 2011Cody Rhodes
78.3%
WWE Elimination Chamber 2012Cody Rhodes
78.3%
WWE Hell in a Cell 2012Cody Rhodes
78.1%
WWE Elimination Chamber 2013Mark Henry
77.9%
WWE SummerSlam 2010Michael Tarver
77.5%
WWE Royal Rumble 2013Cody Rhodes
76.3%
WWE Night of Champions 2012Kofi Kingston
74.1%
WWE WrestleMania 31 2015R-Truth
74.1%
WWE Night of Champions 2012R-Truth
73.3%
WWE Elimination Chamber 2014Cesaro
70.8%
WWE Hell in a Cell 2010John Morrison
69.7%
WWE Hell in a Cell 2012Damien Sandow
69.4%
WWE Elimination Chamber 2014Christian
66.5%
WWE Survivor Series 2012Damien Sandow
64.8%
WWE Elimination Chamber 2013Jack Swagger
63.5%
WWE Elimination Chamber 2013Chris Jericho
63.4%
WWE WrestleMania 29 2013Big E. Langston
62.5%
WWE Royal Rumble 2013Damien Sandow
62.3%
WWE Elimination Chamber 2012Santino Marella
61.7%
WWE WrestleMania XXVII 2011 (Dark Winner)The Great Khali
57.5%
WWE Elimination Chamber 2012The Great Khali
57.5%
WWE Survivor Series 2010Ted DiBiase
56.8%
WWE TLC: Tables, Ladders & Chairs 2010 (Dark)Ted DiBiase
56.8%
WWE Elimination Chamber 2011 (Dark)Ted DiBiase
56.8%
WWE Money in the Bank 2011Sin Cara
55.1%
WWE Over the Limit 2011 (Dark)Drew McIntyre
37.4%
WWE Hell in a Cell 2011 (Dark)JTG
16.5%

You're not logged in!

Compare scores with friends on all Sporcle quizzes.
Sign Up with Email
OR
Log In

You Might Also Like...

Show Comments

Extras

Top Quizzes Today


Score Distribution

Your Account Isn't Verified!

In order to create a playlist on Sporcle, you need to verify the email address you used during registration. Go to your Sporcle Settings to finish the process.